000 00721nam a2200217Ii 4500
003 JO-AjNU
008 230605s9999||||xx |||||||||||||| ||und||
017 _a1983/4641
020 _a977-01-210-6
040 _aJO-AjNU
_bara
_erda
_cJO-AjNU
041 _aara
050 1 4 _aPJ7543.H5364 1983
100 3 _aحفنى، عبد الحليم,
_eauthor
_97605
245 0 0 _aالشعراء المخضرمون
264 3 1 _aالقاهرة: الهيئة المصرية العامة للكتاب، 1983
300 _a298ص
336 _atext
_btxt
_2rdacontent
337 _aunmediated
_bn
_2rdamedia
338 _avolume
_bnc
_2rdacarrier
650 4 _aالشعراء المخضرمون-الشعراء العرب-تراجم
_97606
999 _aA365
_c3933
_d3933